| 000 | 01235cam a2200337 a 4500 | ||
|---|---|---|---|
| 001 | 16934915 | ||
| 003 | OSt | ||
| 005 | 20230904133323.0 | ||
| 008 | 110825s2013 ohua b 001 0 eng | ||
| 010 | _a 2011937460 | ||
| 020 | _a9781111969493 | ||
| 020 | _a9781111989668 | ||
| 020 | _a1111989664 | ||
| 040 |
_aDLC _cDLC _dDLC |
||
| 042 | _apcc | ||
| 050 | 0 | 0 |
_aHB171.5 _b.T75 2013 |
| 082 | 0 | 0 |
_a330 _bTUC/S |
| 100 | 1 | _aTucker, Irvin B. | |
| 245 | 1 | 0 |
_aSurvey of economics / _cIrvin B. Tucker. |
| 250 | _a8th ed. | ||
| 260 |
_aMason, OH : _bSouth-Western Cengage Learning, _cc2013. |
||
| 300 |
_axxv, 564 p. : _bill. ; _c28 cm. |
||
| 504 | _aIncludes bibliographical references and index. | ||
| 650 | 0 | _aEconomics. | |
| 856 | 4 | 2 |
_3Contributor biographical information _uhttp://www.loc.gov/catdir/enhancements/fy1303/2011937460-b.html |
| 856 | 4 | 2 |
_3Publisher description _uhttp://www.loc.gov/catdir/enhancements/fy1303/2011937460-d.html |
| 856 | 4 | 1 |
_3Table of contents only _uhttp://www.loc.gov/catdir/enhancements/fy1303/2011937460-t.html |
| 906 |
_a7 _bcbc _corignew _d2 _eepcn _f20 _gy-gencatlg |
||
| 942 |
_2ddc _cBK _h330 _iTUC/S _k330 _mTUC/S |
||
| 999 |
_c42102 _d42102 |
||